01351cam a2200265 a 45000010008000000030006000080050017000140080041000310100017000720200018000890350016001070400028001230410008001510420008001590500022001671000031001892450122002202600063003423000044004055040066004495200489005156100016010046500025010206500040010452851802CaAEU20241218125121.0021003s2003 enka b 001 0 eng  a 2002038132 a9780199256785 aocm50738011 aDLCbengcDLCdUKMdAEU aeng apcc00aHD30.2b.P38 2003 aPatriotta, Gerardoeauthor10aOrganizational knowledge in the makingb: how firms create, use, and institutionalize knowledgec/ Gerardo Patriotta. aOxford ;aNew York , NY :bOxford University Press,c2003. ax, 232 pages :billustrations ;c24 cm. aIncludes bibliographical references (p. [213]-223) and index. aThis book deals with the processes by which organizations create, use, and retain knowledge on a day-to-day basis. It provides a critical review of the concepts, debates, and assumptions underpinning existing perspectives on organizational knowledge, and suggests a new vocabulary for understanding knowledge-oriented phenomena in organizations. The book invites scholars, managers, and practitioners to reflect upon the repertoire of knowledge they possess and yet cannot articulate. 0aFiat (Firm) 0aKnowledge management 0aOrganizational learningxManagement